000 00553nam a22001817a 4500
005 20251108170850.0
008 250721s1997 xx 000 0 ara d
082 1 4 _a418.2/حمد
100 1 _aأبو حمدة، محمد علي
245 1 0 _aالفائق في فن الكتابة و التعبير و تذوق النصوص /
264 1 _aعمان :
_bدار عمار،
_c1997.
300 _a370ص
650 1 7 _aاللغة العربية
650 1 7 _aالتعبير
650 1 7 _aالإبداع الفني
942 _2ddc
_cBK
999 _c50843
_d50843